Новый процесс подачи бурового раствора экономит время и деньги при глубоководном бурении без райзера; Нефтегазовые технологии; № 1

Bibliografiset tiedot
Parent link:Нефтегазовые технологии: научно-технический журнал/ World Oil ; Pipe Line Industry ; Gulf Publishing Company.— , 1994-.— 0202-4578
№ 1.— 2003.— С. 35-40
Päätekijä: Джонсон М. Б. Майкл Б.
Kieli:venäjä
Julkaistu: 2003
Sarja:Нефть мира
Aiheet:
Aineistotyyppi: Kirjan osa
KOHA link:https://koha.lib.tpu.ru/cgi-bin/koha/opac-detail.pl?biblionumber=384569

MARC

LEADER 00000naa2a2200000 4500
001 384569
005 20231101063246.0
035 |a (RuTPU)RU\TPU\prd\11444 
090 |a 384569 
100 |a 20030313a2003 k y0rusy50 ca 
101 0 |a rus 
102 |a RU 
200 1 |a Новый процесс подачи бурового раствора экономит время и деньги при глубоководном бурении без райзера  |f М. Б. Джонсон 
225 1 |a Нефть мира 
320 |a Библиогр.: 3 назв. 
461 1 |0 (RuTPU)RU\TPU\prd\1175  |x 0202-4578  |t Нефтегазовые технологии  |o научно-технический журнал  |f World Oil ; Pipe Line Industry ; Gulf Publishing Company  |d 1994- 
463 1 |0 (RuTPU)RU\TPU\prd\11481  |t № 1  |v С. 35-40  |d 2003 
610 1 |a буровой раствор 
610 1 |a глубоководное бурение 
610 1 |a безрайзерное бурение 
610 1 |a промывка скважин 
700 1 |a Джонсон  |b М. Б.  |g Майкл Б. 
801 1 |a RU  |b 63413507  |c 20030313  |g PSBO 
801 2 |a RU  |b 63413507  |c 20120113  |g PSBO 
942 |c BK